000 00585nam a2200241Ia 4500
003 IT-RoPAU
008 120407s9999 xx 000 0 und d
040 _aIT-RoPAU
040 _cIT-RoPAU
041 _aita
100 _aHans Urs von Balthasar
245 _a“Tu coroni l’anno con la tua grazia”
250 _aMilano
260 _aJaca Book
260 _c1990
300 _a255 p.
300 _c23 cm
490 _aPreghiera e mistica (Già e non ancora)
490 _v0
600 _a" prediche alla radio sull’anno liturgico"
942 _cBK
999 _c30581
_d30581